[Event "EICC 2021"]
[Site "Reykjavik"]
[Date "2021.09.01"]
[Round "7.17"]
[White "Pantsulaia, Levan"]
[Black "Hovhannisyan, Robert"]
[Result "1/2-1/2"]
[WhiteElo "2564"]
[BlackElo "2626"]
[Annotator "TA"]
[PlyCount "85"]
[EventDate "2021.08.26"]
[EventType "swiss"]
[EventCountry "ISL"]
[Tiebreak "Cut1 Buchholz"]
[SourceTitle "playchess.com"]
[Source "ChessBase"]
[SourceQuality "1"]

{[%evp 13,85,-10,0,0,0,0,0,0,0,-12,-8,-2,-5,-35,-23,-65,-43,-104,-67,-70,-34,
-55,0,-6,0,-40,-7,-7,-10,-22,-14,0,0,-39,0,-6,-12,-25,0,0,0,0,0,0,0,0,16,0,0,9,
13,0,0,0,0,0,0,0,0,0,0,0,0,-20,0,0,14,0,0,0,0,0,0,0]} 1. c4 c6 2. e4 d5 3. exd5
cxd5 4. cxd5 Nf6 5. Qa4+ Nbd7 6. Nc3 g6 7. Nf3 Bg7 8. Bc4 {B10: Caro-Kann: 2
d3 and 2 c4.} O-O 9. d3 a6 10. Qa3 b6 {[%cal Bb7b6,Bb6b5][%mdl 32]} 11. O-O Bb7
12. Re1 Re8 13. Ng5 Rc8 {[%mdl 1024] Black has compensation.} 14. d6 ({Avoid
the trap} 14. Bxa6 $2 Ra8 $1 $19) 14... e6 15. Bf4 ({Don't go for} 15. Bxa6 $2
{[#]} Ra8 $1 $19) ({Better is} 15. Bb3 $15) 15... b5 16. Bb3 Nc5 17. Rad1 Qb6 {
Strongly threatening ...b4.} (17... Nh5 $5 {[%cal Rh5f4]} 18. Be3 Nxb3 19. axb3
f5 $15) 18. Qb4 $1 {[#]} Nh5 $146 ({Predecessor:} 18... Nxb3 19. Qxb3 Rcd8 20.
Nge4 Nd5 21. Bg5 f6 22. Bh4 g5 23. Bg3 h6 24. Nxd5 Bxd5 {1/2-1/2 (48) Grunberg,
M (2397)-Terbe,J (2260) Hungary 2018}) 19. Be5 Bxe5 (19... Qc6 {feels hotter.}
20. f3 Bxe5 21. Rxe5 Nxb3 22. Nge4 f5) 20. Rxe5 Qxd6 21. d4 {[%cal Re5c5] [#]}
Ne4 22. Qxd6 Nxd6 23. f3 {[%cal Rg5e6]} Rcd8 24. Rc5 Nf6 25. Rc7 {aiming for
Nxf7!} Rc8 (25... b4 {looks sharper.} 26. Ne2 Bd5 27. Bxd5 Nxd5 28. Rc6 a5) 26.
Rxc8 {The position is equal.} Nxc8 27. Nce4 Nxe4 28. Nxe4 Bxe4 29. fxe4 $11 {
[%mdl 4096] Endgame KRB-KRN} a5 30. Kf2 Nd6 31. e5 a4 32. Bc2 Nc4 33. b3 axb3
34. axb3 Na5 35. Ra1 Nc6 36. Ke3 Rd8 37. Rd1 Kg7 38. h3 Rd7 39. Be4 Nb4 40. Ra1
f5 41. exf6+ Kxf6 42. Rf1+ Kg5 43. Rf8 {Weighted Error Value: White=0.09/
Black=0.09} 1/2-1/2

[Event "EICC 2021"]
[Site "Reykjavik"]
[Date "2021.09.01"]
[Round "7.18"]
[White "Stefansson, Hannes"]
[Black "Ter-Sahakyan, Samvel"]
[Result "1/2-1/2"]
[WhiteElo "2519"]
[BlackElo "2624"]
[Annotator "TA"]
[PlyCount "72"]
[EventDate "2021.08.26"]
[EventType "swiss"]
[EventCountry "ISL"]
[Tiebreak "Cut1 Buchholz"]
[SourceTitle "playchess.com"]
[Source "ChessBase"]
[SourceQuality "1"]

{[%evp 11,72,0,0,14,7,0,10,0,15,3,1,0,0,0,0,0,0,0,0,0,0,0,0,0,0,0,0,0,0,0,0,0,
0,0,0,-22,17,0,15,0,14,0,18,17,17,14,22,12,15,8,20,18,18,0,0,0,0,0,0,0,0,0,0]} 
1. d4 Nf6 2. c4 e6 3. Nf3 d5 4. g3 dxc4 5. Bg2 c6 6. O-O b5 {The position is
equal.} 7. Ne5 {E04: Open Catalan: 5 Nf3.} Bb7 8. a4 {[#] And now axb5 would
win.} a6 9. b3 cxb3 10. Bb2 Nbd7 11. Nxc6 Qb6 12. axb5 axb5 {[#] Strongly
threatening ...Rxa1.} 13. Rxa8+ Bxa8 14. Qc1 Bd6 15. Nd2 O-O 16. Nxb3 Kh8 {
Black wants to play ...Rc8.} 17. Ne5 Bxg2 18. Kxg2 Bxe5 19. dxe5 Qb7+ {[#]} 20.
Kg1 $146 ({Predecessor:} 20. f3 Rc8 21. Qd2 Nd5 22. Bd4 N7b6 23. Na5 Nc4 24.
Nxb7 Nxd2 25. Nd6 Nxf1 26. Nxc8 Nfe3+ 27. Bxe3 Nxe3+ 28. Kf2 Nc4 {1/2-1/2 (28)
Williamson,D (2310)-Emrich,E (2308) ICCF email 2016}) 20... Nd5 21. Bd4 Rc8 22.
Qd2 h6 23. f4 Ne7 24. Qd3 Qd5 25. e4 Qc4 26. Qe3 Ra8 27. Rc1 Qb4 28. Qc3 Qxc3
29. Rxc3 {Rc7 is the strong threat.} Ra3 30. Kf2 b4 31. Rd3 Nc6 32. Ke3 Ra2 33.
Rd2 Ra3 34. Rd3 Ra2 35. Rd2 Ra3 36. Rd3 Ra2 {An uneventful encounter. 
Weighted Error Value: White=0.03/Black=0.03} 1/2-1/2

[Event "EICC 2021"]
[Site "Reykjavik"]
[Date "2021.09.01"]
[Round "7.19"]
[White "Fridman, Daniel"]
[Black "Quparadze, Giga"]
[Result "1/2-1/2"]
[WhiteElo "2621"]
[BlackElo "2476"]
[Annotator "TA"]
[PlyCount "217"]
[EventDate "2021.08.26"]
[EventType "swiss"]
[EventCountry "ISL"]
[Tiebreak "Cut1 Buchholz"]
[SourceTitle "playchess.com"]
[Source "ChessBase"]
[SourceQuality "1"]

{[%evp 9,217,27,35,37,37,42,39,37,53,47,81,93,78,47,39,30,22,0,0,0,0,0,0,0,0,0,
0,0,0,0,0,-110,-100,-79,-89,-84,-80,-80,-100,-118,-100,-95,-109,-101,-107,-84,
-62,-115,-18,-30,-14,-22,0,0,0,-25,-22,-29,-30,-30,-45,-109,-109,-162,-158,
-157,-147,-137,-104,-170,-122,-115,-114,-181,-185,-175,-139,-146,0,0,0,0,0,0,0,
0,0,0,0,0,0,0,0,0,0,0,0,0,0,0,0,0,0,0,0,0,0,0,0,0,-28000,-28000,-28000,-28000,
-28000,-28000,-28000,-28000,-28000,-28000,-28000,-28000,-28000,-28000,-28000,
-28000,-28000,-28000,-28000,-28000,-28000,-28000,-28000,-28000,-28000,-28000,
-28000,-28000,-28000,-28000,-28000,-28000,-28000,-28000,-28000,-28000,-28000,
-28000,-28000,-28000,-28000,-28000,-28000,-28000,-28000,-28000,-28000,-28000,
-28000,-28000,-28000,-28000,-28000,-28000,-28000,-28000,-28000,-28000,-28000,
-28000,-28000,-28000,-28000,-28000,-28000,-28000,-28000,-28000,-28000,-28000,
-28000,-28000,-28000,-28000,-28000,-28000,-28000,-28000,-28000,-28000,-28000,
-28000,-28000,-28000,-28000,-28000,-28000,-28000,-28000,-28000,-28000,-28000,
-28000,-28000,-28000,-28000,-28000,-28000,-28000,-28000]} 1. Nf3 Nf6 2. c4 e6
3. Nc3 Bb4 4. Qc2 b6 5. e4 Bxc3 6. dxc3 {A17: English Opening: 1...Nf6 with ...
Bb4.} d6 7. e5 dxe5 8. Nxe5 {White is slightly better.} O-O 9. Bg5 Bb7 10. Bd3
h6 11. Bh4 (11. Bh7+ {is interesting.} Kh8 12. Rd1 Qe7 13. Be4 Bxe4 14. Qxe4
hxg5 15. Qxa8 Nbd7 16. Nc6) 11... Qd6 ({Not} 11... Bxg2 $2 12. Rg1 $18) 12. f4
Nbd7 {[#]} 13. Bxf6 $146 ({Predecessor:} 13. O-O-O Nxe5 14. Bh7+ Nxh7 15. Rxd6
cxd6 16. fxe5 dxe5 17. Rd1 Rfc8 18. Qe2 Nf8 19. Qxe5 {1/2-1/2 (37) Swayams,M 
(2467)-Roubalik,J (2402) Arad 2018}) 13... Nxf6 14. O-O-O Qe7 15. Rhe1 Rfd8 16.
g3 Nd7 17. Bh7+ Kh8 18. Rxd7 Rxd7 19. Bg6 Qe8 20. Qa4 b5 $1 $17 {[%cal Rb5a4]}
21. Qxb5 c6 $1 {[%cal Rc6b5]} 22. Bxf7 Rxf7 (22... cxb5 $2 {perishes.} 23. Bxe8
Rc7 24. Bxb5 $18) 23. Nxf7+ Qxf7 24. Qa5 e5 25. Qxe5 Qxc4 26. b3 Qf7 27. Qe7
Kg8 28. Kb2 (28. Re5 $15) 28... a5 (28... Rf8 $17 29. Qc5 Qd5 30. Qxd5+ cxd5)
29. a4 $1 $11 Ba6 (29... Rc8 {keeps more tension.} 30. Qd6 Rc7 31. Re8+ Qxe8
32. Qxc7 Qa8) 30. c4 Rb8 {Hoping for ...Bxc4.} 31. Kc3 Rc8 (31... Bb7 {is
interesting.} 32. Re5 Qg6 33. f5 Qg4 34. Qc7 Rc8) 32. Qe6 (32. Re5 {looks
sharper.} c5 33. Qd6 Qb7 34. Re7 Qb4+ 35. Kc2) 32... Qxe6 33. Rxe6 {[%mdl 4096]
Endgame KRB-KR} Kf7 34. Rd6 {And now Rd7+ would win.} Rc7 35. b4 (35. Kd4 $15)
35... axb4+ $17 36. Kxb4 (36. Kb3 $17 {was necessary.}) 36... c5+ $1 $19 37.
Kb3 Bb7 38. a5 Bc6 39. a6 (39. g4 $17) 39... Ke7 40. Rg6 {[#] aiming for a7.}
Kd8 $1 41. f5 {[#]} (41. Rd6+ $17 Kc8 42. h3) 41... Be8 $1 {[%cal Re8g6]} 42.
Rd6+ Kc8 43. g4 Re7 (43... Ra7 $17 44. Rd5 Rxa6 45. Rxc5+ Kd7 46. Rd5+ Ke7 47.
Re5+ Kf8) 44. f6 $11 Re3+ 45. Kb2 gxf6 46. Rxf6 Re2+ (46... Re4 {feels hotter.}
47. Rb6 Kc7 48. a7 Re2+ 49. Kb3 Re3+) 47. Kb3 h5 (47... Re4 {is interesting.}
48. Rxh6 Rxg4 49. Rh7 Rg8 50. h4 Rg6) 48. gxh5 Re3+ 49. Kb2 Bxh5 50. Rf5 Be8 (
50... Bf3 {seems wilder.} 51. Rxc5+ Kb8 52. h4 Ka7 53. Ra5 Kb6) 51. Rxc5+ Kb8
52. Ra5 Ka7 53. Ra3 Re2+ (53... Re4 {with more complications.} 54. h4 Rxc4 55.
h5 Rh4 56. h6 Rh2+) 54. Kc3 Rxh2 55. Kb4 Rh6 56. Re3 Bc6 57. Ra3 Bd7 58. Rd3
Bc8 (58... Rh7 {seems wilder.} 59. c5 Bc6 60. Rd6 Rc7 61. Ka5 Bf3) 59. Rd8 Bxa6
$2 {[%mdl 8192] Black keeps a firm grip on the game.} (59... Bf5 $11) 60. Rd7+
{Mate.} Kb8 61. Rd4 Kc7 62. Kc5 Rh1 63. Rd5 Bb7 64. Rg5 Bc8 65. Re5 Bd7 66. Rg5
Rh4 67. Re5 Rf4 68. Kd5 Ba4 69. Re7+ Kc8 70. Re3 Bd1 71. Kc5 Bh5 72. Rd3 Bf7
73. Rd4 Rf5+ 74. Kd6 Rf1 75. Ke7 Bh5 76. Kd6 Kb7 77. Kc5 Kc7 78. Kb5 Bf7 79.
Re4 Rf5+ 80. Kb4 Kc6 81. Rh4 Rf6 82. Rd4 Rf1 83. Re4 Rb1+ 84. Kc3 Kd6 85. Kc2
Rf1 86. Kc3 Be6 87. Kb4 Rf3 88. Rd4+ Ke5 89. Rh4 Bf5 90. Kc5 Rb3 91. Rh1 Rb8
92. Re1+ Be4 93. Rd1 Rc8+ 94. Kb4 Kf4 95. Kc3 Ra8 96. Rf1+ Bf3 97. Re1 Rd8 98.
Re7 Be4 99. Rf7+ Ke3 100. Re7 Rd1 101. Re8 Rc1+ 102. Kb4 Kf4 103. Rf8+ Bf5 104.
Kc5 Ke5 105. Rh8 Be6 106. Rh4 Bf7 107. Rg4 Rh1 108. Rg5+ Kf4 109. Rg7 {[%mdl
32768] Weighted Error Value: White=0.11/Black=0.10. An unexpected result.}
1/2-1/2

[Event "EICC 2021"]
[Site "Reykjavik"]
[Date "2021.09.01"]
[Round "7.20"]
[White "Sebenik, Matej"]
[Black "Gajewski, Grzegorz"]
[Result "1/2-1/2"]
[WhiteElo "2492"]
[BlackElo "2617"]
[Annotator "TA"]
[PlyCount "91"]
[EventDate "2021.08.26"]
[EventType "swiss"]
[EventCountry "ISL"]
[Tiebreak "Cut1 Buchholz"]
[SourceTitle "playchess.com"]
[Source "ChessBase"]
[SourceQuality "1"]

{[%evp 21,91,5,12,5,12,12,8,13,16,-24,-18,-12,0,0,-19,-31,-36,-41,-33,-45,0,0,
0,0,0,0,-2,0,-21,-71,-53,-61,-54,-45,-54,-81,-56,-97,-94,-94,-15,-158,-135,
-132,-82,-293,56,0,55,52,412,66,412,400,367,0,0,0,0,0,0,0,0,0,0,0,0,0,0,1,5,0]
} 1. Nf3 {Oratovsky,M} d5 2. d4 Nf6 3. c4 e6 4. Nc3 c6 5. e3 Nbd7 6. Be2 Bd6 7.
O-O O-O 8. b3 b6 9. Bb2 Bb7 10. Bd3 c5 11. cxd5 {11.Rc1 is vanishing.} exd5 12.
Bf5 {E14: Queen's Indian: Classical Variation (4 e3).} Re8 13. Rc1 {[#]} c4
$146 ({Predecessor:} 13... Qe7 14. Qc2 Ne4 15. Rfd1 Rad8 16. dxc5 Ndxc5 17. b4
Na6 18. a3 Nc7 19. Nd4 g6 20. Nxe4 dxe4 {1-0 (41) Bareev,E (2707)-Leko,P (2713)
Wijk aan Zee 2002 CBM 087 [Oratovsky,M]}) 14. bxc4 dxc4 15. Re1 a6 16. e4 Bf4
17. Rc2 b5 18. a3 g6 19. Bxd7 Nxd7 20. Bc1 Qf6 21. e5 Qf5 22. Nh4 Qg5 {[%cal
Rg5h4]} 23. Bxf4 Qxf4 24. g3 Qh6 25. Ne4 Bxe4 26. Rxe4 {[#]} Nf6 $1 27. Re1 Nd5
28. Qg4 Qg7 29. f4 f5 $1 {[%cal Rf5g4]} 30. Qf3 Rad8 (30... Red8 $17) 31. g4 (
31. Ng2 $1 $11) 31... fxg4 $17 32. Qxg4 Qa7 33. Kh1 $2 (33. Rd2 $17) 33... Kh8
$2 (33... Qxd4 $19 34. Nf3 Qxf4) 34. Rg2 (34. f5 $14) 34... Ne7 ({Not} 34...
Qxd4 $2 35. Nxg6+ hxg6 36. Qh4+ Kg7 37. Rxg6+ $3 {[%mdl 512]} Kxg6 38. f5+ Kxf5
39. Qxd4 $18) (34... Rg8 $1 $11) 35. Qg5 $14 {f5 is the strong threat.} Qd7 {
[%mdl 8192]} (35... Rxd4 $14 36. f5 (36. Qf6+ Kg8 $14) 36... Rxh4 37. Qf6+ Kg8
38. fxg6 hxg6) 36. Qf6+ $18 Kg8 {Black wants to play ...Rf8.} 37. f5 $1 {
[%cal Rf5g6]} Rf8 {[#]} 38. Qxa6 ({White has to play} 38. Qg5 $1 $18 {[%cal
Rf5g6]} Nxf5 39. e6) 38... Nxf5 $11 {The position is equal.} 39. Nxg6 hxg6 40.
Qxg6+ Kh8 {Hoping for ...Nh4.} 41. e6 Qh7 ({Worse is} 41... Qb7 42. e7 Ng3+ 43.
Qxg3 Qxe7 44. Rxe7 Rf1+ 45. Rg1 Rxg1+ 46. Qxg1 Rg8 47. Qe3 Rg7 48. Qh6+ {
[%mdl 64] Double Attack} Kg8 49. Qxg7#) 42. e7 Nxe7 43. Qxh7+ Kxh7 44. Rxe7+
Kh6 45. Re6+ Kh7 46. Re7+ {Weighted Error Value: White=0.38/Black=0.45} 1/2-1/2

[Event "EICC 2021"]
[Site "Reykjavik"]
[Date "2021.09.01"]
[Round "7.21"]
[White "Kacharava, Nikolozi"]
[Black "Bosiocic, Marin"]
[Result "1-0"]
[WhiteElo "2453"]
[BlackElo "2610"]
[Annotator "TA"]
[PlyCount "73"]
[EventDate "2021.08.26"]
[EventType "swiss"]
[EventCountry "ISL"]
[Tiebreak "Cut1 Buchholz"]
[SourceTitle "playchess.com"]
[Source "ChessBase"]
[SourceQuality "1"]

{[%evp 17,73,0,0,0,0,0,0,0,6,15,10,12,16,12,10,12,17,10,6,10,29,0,2,0,0,0,16,
-4,0,-22,-19,-16,-16,-24,16,16,0,0,0,-2,0,29,225,-131,221,216,219,218,475,205,
591,585,586,560,835,831,1002,984]} 1. e4 e5 2. Nf3 Nc6 3. Bc4 Bc5 4. c3 Nf6 5.
d4 exd4 6. e5 d5 7. Bb5 Ne4 8. cxd4 Bb6 9. Nc3 O-O 10. Be3 {C54: Giuoco Piano:
4 c3 Nf6, main lines with 5 d4 and 5 d3.} Bg4 11. h3 Bh5 12. Qc2 {The position
is equal.} Nxc3 13. bxc3 f6 14. exf6 Qxf6 15. Be2 Bg6 16. Qd2 {[#]} Be4 $146 ({
Predecessor:} 16... Rae8 17. O-O Qd6 18. Rfe1 a6 19. Nh2 Na5 20. Ng4 Nc4 21.
Bxc4 dxc4 22. Ne5 Rxe5 23. dxe5 Qxd2 24. Bxd2 Bxf2+ {0-1 (61) Aronian,L (2772)
-Anand,V (2757) Kolkata 2019}) 17. O-O h6 18. Nh2 Rae8 (18... Qg6 {seems
wilder.} 19. f3 Bf5 20. Kh1 Rae8 21. Bb5 a6) 19. Bb5 (19. Ng4 $5 {[%cal Rg4f6]}
Qd6 20. f3 $11) 19... Bf5 20. Rfe1 Qg6 21. Kh1 Re6 (21... a6 {keeps more
tension.} 22. Ba4 Rd8 23. Bxc6 Qxc6 24. Nf3 Ba5) 22. f3 {White wants to play
g4.} Na5 $40 {[%mdl 128] Black is up to no good.} 23. Ng4 c6 24. Bf1 Bxg4 25.
hxg4 h5 26. Bd3 Qf7 27. Qf2 Bd8 28. Bf5 Ree8 29. Qc2 hxg4 $2 {[#]} (29... Qf6
$11 30. Bh7+ Kh8) 30. Bh7+ $1 $18 ({Inferior is} 30. Bxg4 Nc4 $11) 30... Kh8
31. Bg6 {[%mdl 64] Skewer} Qf6 32. Bxe8 {Threatens to win with Qg6.} Qh4+ 33.
Kg1 {Hoping for Qg6.} gxf3 $2 (33... Nc4) 34. Bf2 {White is clearly winning.}
Qf4 35. g3 Qd6 36. Re5 {[#] Strongly threatening Rh5+.} g5 37. Rae1 {Weighted
Error Value: White=0.04/Black=0.36} 1-0

[Event "EICC 2021"]
[Site "Reykjavik"]
[Date "2021.09.01"]
[Round "7.22"]
[White "Lupulescu, Constantin"]
[Black "Kobo, Ori"]
[Result "1/2-1/2"]
[WhiteElo "2659"]
[BlackElo "2490"]
[Annotator "TA"]
[PlyCount "86"]
[EventDate "2021.08.26"]
[EventType "swiss"]
[EventCountry "ISL"]
[Tiebreak "Cut1 Buchholz"]
[SourceTitle "playchess.com"]
[Source "ChessBase"]
[SourceQuality "1"]

{[%evp 9,86,14,35,22,22,22,22,19,27,16,19,22,9,0,14,7,27,16,20,18,10,0,10,0,0,
0,31,12,29,17,14,16,23,22,23,28,31,21,46,37,54,23,37,9,9,9,6,5,20,14,22,22,30,
18,27,37,33,20,25,14,15,14,10,10,14,16,13,13,15,0,0,0,29,0,-3,-14,-14,-21,-15]
} 1. e4 c5 2. Nf3 e6 3. d4 cxd4 4. Nxd4 Nc6 5. Nc3 Qc7 6. Qd3 {B47: Sicilian:
Taimanov: 5 Nc3 Qc7 6 f4, 6 g3 and 6 Be2.} Nf6 7. Ndb5 Qb8 8. Qg3 d6 $1 {
Threatening ...a6.} 9. Be3 {Strongly threatening 0-0-0.} a6 10. Nd4 h5 {[#]}
11. h4 $146 ({Predecessor:} 11. f3 e5 12. Nb3 Be6 13. O-O-O Qc7 14. Kb1 Rc8 15.
Qf2 b5 16. Qd2 Qb7 17. Be2 {1-0 (57) Caruana,F (2828)-Harikrishna,P (2726)
Saint Louis 2019}) 11... Ne5 12. a4 Qc7 13. Be2 Bd7 14. O-O Be7 15. Bg5 ({
Don't play} 15. Qxg7 Ng6 $17) 15... Rc8 16. Nf3 Neg4 17. Nd2 Qc5 18. Nb3 Qc6
19. f3 Ne5 20. Kh1 Nc4 21. Bxc4 Qxc4 22. Rfd1 Qc7 23. a5 Kf8 24. Rd2 Bc6 25.
Rad1 Ne8 26. Rd4 (26. Rd3 {keeps more tension.} Nf6 27. Kg1 g6 28. Qf4 e5 29.
Qg3) 26... Bxg5 27. Qxg5 Rh6 28. Qg3 Rg6 29. Qf2 Qe7 30. Nd2 d5 31. exd5 exd5
32. Nb3 Nc7 33. Ne2 Re8 34. Nf4 Rf6 35. Nxh5 Rh6 36. Ng3 {[#] Threatens to win
with Nf5.} Rxh4+ 37. Rxh4 Qxh4+ 38. Kg1 Ne6 39. Re1 Qg5 40. Ne2 Bb5 41. Nbd4
Bxe2 {The position is equal.} 42. Qxe2 Qh4 43. Nf5 $1 {[%cal Rf5h4]} Qf4 {
Weighted Error Value: White=0.06/Black=0.06} 1/2-1/2

[Event "EICC 2021"]
[Site "Reykjavik"]
[Date "2021.09.01"]
[Round "7.23"]
[White "Ftacnik, Lubomir"]
[Black "Martirosyan, Haik M."]
[Result "1/2-1/2"]
[WhiteElo "2513"]
[BlackElo "2632"]
[Annotator "TA"]
[PlyCount "65"]
[EventDate "2021.08.26"]
[EventType "swiss"]
[EventCountry "ISL"]
[Tiebreak "Cut1 Buchholz"]
[SourceTitle "playchess.com"]
[Source "ChessBase"]
[SourceQuality "1"]

{[%evp 15,65,45,54,40,64,62,66,56,54,36,71,61,75,68,82,8,8,18,42,25,114,72,100,
0,0,0,28,0,0,0,0,0,0,0,0,0,0,-39,138,0,0,0,0,0,0,0,0,0,0,0,0,0]} 1. Nf3 c5 2.
c4 Nc6 3. Nc3 g6 4. e3 Bg7 5. d4 d6 6. Be2 Nf6 7. d5 Na5 8. O-O O-O 9. h3 {
E61: King's Indian: Early deviations for White, including Smyslov System.} e5
10. a3 b6 11. b4 {White is slightly better.} Nb7 {[#]} 12. Qc2 $146 ({
Predecessor:} 12. Nd2 Ne8 13. e4 Bd7 14. Nb3 Qh4 15. bxc5 Nxc5 16. Nxc5 dxc5
17. Qd3 Nd6 18. Qg3 {0-1 (28) Roemer,U (2285)-Kekelidze,M (2405) Germany 1998})
12... e4 13. Nd2 Re8 14. Bb2 h5 15. f3 ({White should play} 15. Bd1 $16) 15...
exf3 $11 16. Rxf3 {aiming for Raf1.} Nh7 {Black wants to play ...Ng5.} 17. Nce4
Re5 18. Raf1 f5 19. Rg3 Qe8 20. Bxh5 gxh5 21. Nf3 {[%mdl 64] Pin} fxe4 22. Nxe5
dxe5 23. Qxe4 Bg4 {Hoping for ...Nd6.} 24. d6 $1 {[%mdl 64] Decoy} ({Much
weaker is} 24. hxg4 Ng5 $17) 24... Nxd6 25. Qd5+ {[%mdl 64] Double Attack} Kh8
{White must now prevent ...Nf5.} 26. Qxd6 {[#]} Ng5 $1 {[#]} 27. hxg4 (27. Qd3
$1 $16) 27... Ne4 {[%mdl 64] Double Attack. The position is equal.} 28. Qc7
Nxg3 29. Rf7 Rc8 30. Qb7 Rb8 31. Qc7 Rc8 32. Qb7 Rb8 33. Qc7 {Weighted Error
Value: White=0.27/Black=0.22} 1/2-1/2

[Event "EICC 2021"]
[Site "Reykjavik"]
[Date "2021.09.01"]
[Round "7.24"]
[White "Banusz, Tamas"]
[Black "Blohberger, Felix"]
[Result "1-0"]
[WhiteElo "2631"]
[BlackElo "2502"]
[Annotator "TA"]
[PlyCount "99"]
[EventDate "2021.08.26"]
[EventType "swiss"]
[EventCountry "ISL"]
[Tiebreak "Cut1 Buchholz"]
[SourceTitle "playchess.com"]
[Source "ChessBase"]
[SourceQuality "1"]

{[%evp 12,99,29,29,29,19,40,41,39,34,30,37,37,37,37,30,37,35,45,37,47,45,55,34,
39,28,49,21,27,17,17,13,18,2,14,6,14,21,18,0,24,15,166,166,157,138,228,89,123,
127,195,25,79,0,0,0,0,0,0,0,16,20,68,0,0,0,0,0,0,0,79,68,119,124,227,231,502,
500,491,493,493,486,422,410,396,396,396,389,381,374]} 1. Nf3 d5 2. g3 Nc6 3. d4
Bf5 4. Bg2 Nb4 5. Na3 e6 6. O-O Nc6 7. Nb1 Nb4 {D02: 1 d4 d5 2 Nf3 sidelines,
including 2...Nf6 3 g3 and 2...Nf6 3 Bf4.} 8. Ne1 Nf6 9. c3 Na6 {White is
slightly better.} 10. Bg5 Be7 11. Nd2 {[#]} O-O $146 ({Predecessor:} 11... c6
12. Nd3 O-O 13. a4 h6 14. Bxf6 Bxf6 15. b4 Nc7 16. Qb3 Ne8 17. Rfd1 Nd6 18. a5
Qe7 19. Ne5 a6 {1/2-1/2 (24) Kirov,N (2460)-Komarov,D (2575) Cordoba 1995}) 12.
Bxf6 Bxf6 13. e4 dxe4 14. Nxe4 Bxe4 15. Bxe4 Rb8 16. Nd3 g6 17. h4 Bg7 18. Qe2
Qe7 19. Qe3 Rfc8 20. b4 {Hoping for b5.} c6 21. h5 Nc7 22. hxg6 hxg6 23. Kg2
Nd5 24. Bxd5 cxd5 25. Rac1 Rc6 26. Ne5 Ra6 (26... Rc7 $1 $11) 27. Rh1 $1 $18
Rc8 28. Rh3 $1 Rxa2 (28... Ra3 $16) 29. g4 (29. Rch1 $18 {is the precise move
to win.}) 29... Ra3 30. g5 Kf8 31. Ng4 $2 ({Only move:} 31. Rh7 $1 $18) 31...
e5 (31... Rc4 $1 $11) 32. Nxe5 (32. dxe5 $16 Qe6 33. Nf6) 32... Bxe5 $11 33.
dxe5 Qe6 34. Qf4 {Threatens to win with Qf6.} Rc4 35. Qf6 $40 {[%cal Rh3h8]
[%mdl 128] White is up to no good.} Rg4+ (35... Qg4+ {seems wilder.} 36. Rg3
Qf5 37. Rf3 Rg4+ 38. Kh3 Rf4+) 36. Kh2 {[%cal Rh3h8]} Qxf6 37. gxf6 {[%mdl
4096] Endgame KRR-KRR} (37. exf6 $14 Ke8 38. Re1+ Re4 39. Rxe4+ dxe4 40. Re3)
37... Ke8 $1 38. Rd1 Kd7 $1 39. Rxd5+ Ke6 40. Rc5 Ra2 {[#]} (40... Rg5 $11 {
keeps the balance.}) 41. Rf3 $1 $16 Re2 (41... a5 $14) 42. Kh3 Ree4 {[#]} (
42... Rg5 $16) 43. Rc7 $1 $18 {[%cal Rc7e7] Strongly threatening Re7+.} Rgf4 $2
(43... Kxe5 {might work better.} 44. Re7+ (44. Rxb7 Rgf4 $16) 44... Kd5 45.
Rxf7 Kc6 46. b5+ {[%mdl 64] Decoy} Kxb5 47. Rxb7+ Kc6) 44. Rxf4 Rxf4 {KR-KR}
45. Kg3 g5 46. Re7+ Kf5 47. Rxf7 Kxe5 {White is winning.} 48. Rxb7 Kxf6 {
If only Black now had time for ...Rc4....} 49. Rxa7 Rc4 50. Ra3 {Weighted
Error Value: White=0.15/Black=0.28} 1-0

[Event "EICC 2021"]
[Site "Reykjavik"]
[Date "2021.09.01"]
[Round "7.25"]
[White "Svane, Rasmus"]
[Black "Petenyi, Tamas"]
[Result "1-0"]
[WhiteElo "2615"]
[BlackElo "2463"]
[Annotator "TA"]
[PlyCount "83"]
[EventDate "2021.08.26"]
[EventType "swiss"]
[EventCountry "ISL"]
[Tiebreak "Cut1 Buchholz"]
[SourceTitle "playchess.com"]
[Source "ChessBase"]
[SourceQuality "1"]

{[%evp 11,83,21,30,36,45,21,27,18,69,70,63,53,90,60,83,74,88,62,59,67,89,70,87,
85,100,87,105,111,95,72,75,75,64,0,0,0,0,0,0,-16,0,-11,0,-7,12,21,31,26,105,
102,103,109,241,234,302,295,283,29,53,0,289,295,354,327,540,514,2827,286,293,
281,698,624,29998,29999]} 1. e4 e5 2. Nf3 Nc6 3. Bc4 Bc5 4. c3 Bb6 5. d4 exd4
6. cxd4 d6 $1 7. Bb5 {C53: Giuoco Piano sidelines.} Bd7 8. Nc3 Nge7 9. O-O {
White has an edge.} a6 (9... h6 $11) 10. Bc4 $14 O-O 11. h3 Ba7 {[#]} 12. a3
$146 ({Predecessor:} 12. a4 Na5 13. Ba2 b5 14. Bg5 c6 15. b4 Nc4 16. Qe2 h6 17.
Bxe7 Qxe7 18. Bxc4 bxc4 19. Qxc4 {1-0 (88) Rosen,E (2379)-Brown,A (2319)
Adelaide 2017}) 12... b5 13. Ba2 b4 14. axb4 Nxb4 15. Bc4 c6 16. Bg5 Bb6 17.
Re1 a5 18. d5 {[#] e5 is the strong threat.} h6 19. Bh4 cxd5 20. Nxd5 Nbxd5 21.
Bxd5 ({Don't play} 21. exd5 $6 g5 $11) 21... Ra7 22. e5 ({Better is} 22. Rc1
$14) 22... g5 $11 23. Bg3 Nxd5 24. Qxd5 Be6 $1 {[%cal Re6d5]} 25. Qxd6 Rd7 26.
Qc6 Rd3 27. Ra3 {Strongly threatening Rxd3.} Rxa3 (27... Rd5 {is more complex.}
28. Rc3 Ba7 29. Qa4 Qd7 30. Qe4 Rd8) 28. bxa3 Ba7 29. Qa4 Qb6 {[#]} (29... Qd5
$11) 30. h4 $1 $16 g4 31. Nd2 {Threatens to win with Ne4.} Rc8 (31... Qd4 $16 {
was worth a try.} 32. Qxa5 Ra8) 32. Qf4 $18 Kh7 33. Ne4 Qd4 34. Qf6 $2 (34. Kh2
$18) 34... Qd8 $11 35. Qf4 $2 (35. h5 $14) 35... Qd4 $1 $18 36. Kh2 Bb6 37.
Nf6+ Kg6 $2 (37... Kg7 {was necessary.} 38. Re4 Qd1) 38. Re4 Qd1 (38... Qd8
$142 39. Ra4 Kg7 40. Nxg4 Kf8 41. Qxh6+ Ke7) 39. h5+ $2 (39. Nxg4 Bxg4 40. Qf6+
Kh7 41. Qxf7+ Kh8 42. e6) 39... Kg7 {next ...Rc1 is good for Black.} 40. Nxg4
Rh8 (40... Bxg4 41. Qxg4+ Qxg4 42. Rxg4+ Kf8) 41. Qf6+ Kh7 42. Qxh6+ {Weighted
Error Value: White=0.47/Black=0.54} 1-0